|
|
|
|
| LEADER |
00000nam a2200000 a 4500 |
| 001 |
UCO2709 |
| 003 |
CL-VaPUC |
| 008 |
000608e19460000SP |||||||||||||||||spa|d |
| 082 |
0 |
4 |
|a 980
|b BAL
|2 21
|
| 100 |
0 |
|
|a Ballesteros Gaibrois, Manuel
|e author
|9 446255
|
| 245 |
1 |
0 |
|a Historia de América
|
| 300 |
|
|
|a 504 p
|
| 942 |
|
|
|c BK
|
| 945 |
|
|
|d 20000608 00:00:00
|a rherrera
|
| 260 |
|
|
|a Madrid
|b Pegaso
|c 1946
|
| 650 |
|
0 |
|a Historia de América
|9 266076
|
| 650 |
|
0 |
|a Americanismo
|9 344267
|
| 650 |
|
7 |
|a DESCUBRIMIENTO DE AMERICA
|2 CL-VaPUC
|9 446256
|
| 650 |
|
0 |
|a América Precolombina
|9 446253
|
| 650 |
|
0 |
|a Colonización americana
|9 388010
|
| 651 |
|
0 |
|a América
|9 255182
|
| 583 |
|
|
|a last modification
|c 20000608 00:00:00
|k Rodrigo Vera
|
| 999 |
|
|
|c 289208
|d 289206
|
| 952 |
|
|
|0 0
|1 0
|4 0
|6 980_000000000000000_BAL_1946
|7 0
|8 X
|9 337434
|a BIBHIS
|b BIBHIS
|d 2019-11-20
|i 128617K
|o 980 BAL 1946
|p 128617K
|r 2024-01-30
|w 2019-11-20
|y BK_X
|k HIS
|